| 000 | 00577nam a2200169Ia 4500 | ||
|---|---|---|---|
| 008 | 090201s9999 xx 000 0 und d | ||
| 010 | _aKPL-24159 | ||
| 040 | _bमराठी | ||
| 041 | _aमराठी | ||
| 082 |
_a43910 _b24159 |
||
| 100 | _aचिंतामणी लागू | ||
| 245 |
_aकशासाठी पोटासाठी _cचिंतामणी लागू |
||
| 260 |
_c2005 _bदिपज्योती प्रकाशन |
||
| 300 |
_a138 _bमोठा |
||
| 600 | _aकशासाठी पोटासाठी | ||
| 942 | _cBOOK | ||
| 999 |
_c240948 _d240948 |
||